Normal view MARC view

Entry Nombre personal

Number of records used in: 1

001 - NÚMERO DE CONTROL

  • campo de control: 70855

003 - IDENTIFICADOR DE NÚMERO DE CONTROL

  • campo de control: SpMaBN

005 - FECHA Y HORA DE LA ÚLTIMA TRANSACCIÓN

  • campo de control: 20250707065853.0

008 - ELEMENTOS DE DATO DE LONGITUD-FIJA

  • campo de control de longitud fija: 900725nn ainnnaabn a aac

016 ## - NÚMERO DE CONTROL DE UNA AGENCIA BIBLIOGRÁFICA NACIONAL

  • Número de control del registro: BNE19982909987

040 ## - FUENTE DE CATALOGACIÓN

  • Centro catalogador/agencia de origen: SpMaBN
  • Lengua de catalogación: spa
  • Centro/agencia transcriptor: SpMaBN
  • Normas de descripción: rdc
  • Convención/Normas de encabezamiento de materia/tesauro: embne

046 ## - FECHAS CON CODIFICACIÓN ESPECIAL

  • Fecha de nacimiento: 1850
  • Fecha de la muerte: 1936

100 1# - ENCABEZAMIENTO-NOMBRE DE PERSONA

  • Nombre de persona: Le Chatelier, Henry,
  • Fechas asociadas al nombre: 1850-1936

375 ## - GÉNERO/SEXO

  • Género: Masculino

400 1# - TRAZADO DE VÉASE--NOMBRE DE PERSONA

  • Nombre de persona: Le Chatelier, H.,
  • Fechas asociadas al nombre: 1850-1936

670 ## - FUENTE DE DATOS ENCONTRADOS

  • Cita de la fuente: Produits hydrauliques, céramique, verrerie, 1920

670 ## - FUENTE DE DATOS ENCONTRADOS

  • Cita de la fuente: WWW BN-OPALE Plus, 1-4-2008
  • Información encontrada: (Le Chatelier, Henry (1850-1936))